New Testament of Our Lord and Saviour Jesus Christ (Record no. 5390)
[ view plain ]
| 000 -LEADER | |
|---|---|
| fixed length control field | 00577nam a2200217 a 4500 |
| 020 ## - INTERNATIONAL STANDARD BOOK NUMBER | |
| ISBN | |
| 082 00 - DEWEY DECIMAL CLASSIFICATION NUMBER | |
| Classification number | 225.52 |
| Author Cutter | NEW |
| 245 ## - TITLE STATEMENT | |
| Title | New Testament of Our Lord and Saviour Jesus Christ |
| Sub title | from the Latin Vulga |
| 260 ## - PUBLICATION, DISTRIBUTION, ETC. (IMPRINT) | |
| Place of publication | London |
| Name of publisher | Burns and Oates |
| Year of publication | 1948 |
| 300 ## - PHYSICAL DESCRIPTION | |
| Number of Pages | 449p |
| 500 ## - GENERAL NOTE | |
| General note | includes index and biblioraphy |
| 650 ## - SUBJECT ADDED ENTRY--TOPICAL TERM | |
| Topical Term | Bible-New Testament |
| 942 ## - ADDED ENTRY ELEMENTS (KOHA) | |
| Koha item type | Books |
| Home library | Current library | Date acquired | Cost, normal purchase price | Full call number | Accession Number | Koha item type |
|---|---|---|---|---|---|---|
| Henry Martyn Institute Library | Henry Martyn Institute Library | 06/21/2007 | 100.00 | 225.52 NEW | 5547 | Archive Book |
| Henry Martyn Institute Library | Henry Martyn Institute Library | 04/12/2018 | 100.00 | 225.52 NEW | 3971 | Archive Book |
